The King's peace, 1637-1641.

Bibliographic Details
Main Author: Wedgwood, C. V. (Cicely Veronica), 1910-1997
Format: Book
Language:English
Published: New York : Macmillan, 1955.
Series:Wedgwood, C. V. (Cicely Veronica), 1910- Great rebellion ; 1.
Subjects:

MARC

Tag First Indicator Second Indicator Subfields
LEADER 00000cam a2200000 4500
001 in00000770713
005 20151017050434.0
008 720918s1955 nyuac b 00000 eng
010 |a  55003603  
035 |a (OCoLC)00407663 
035 |9 ADK0582AM 
040 |a DLC  |c WSU  |d SER  |d OCL  |d UtOrBLW 
049 |a TXAM  |c [901343] 
050 0 0 |a DA405  |b .W42 v.1 
082 0 |a 942.062 
100 1 |a Wedgwood, C. V.  |q (Cicely Veronica),  |d 1910-1997. 
245 1 4 |a The King's peace, 1637-1641. 
264 1 |a New York :  |b Macmillan,  |c 1955. 
300 |a 510 pages :  |b illustrations, portraits ;  |c 22 cm. 
336 |a text  |b txt  |2 rdacontent 
337 |a unmediated  |b n  |2 rdamedia 
338 |a volume  |b nc  |2 rdacarrier 
490 1 |a Her The great rebellion [1] 
504 |a Include bibliographies. 
651 0 |a Great Britain  |x History  |y Charles I, 1625-1649. 
800 1 |a Wedgwood, C. V.  |q (Cicely Veronica),  |d 1910-  |t Great rebellion ;  |v 1. 
999 |a MARS 
999 f f |s 9db797b4-f52f-3964-88b2-b68564de69d8  |i f2f90d01-3337-3936-917e-f37971290ad2  |t 0 
952 f f |p ric  |a Texas A&M University  |b Rellis Campus  |c Joint Library Facility  |d Remote Storage  |t 0  |e DA405 .W42 v.1  |h Library of Congress classification  |i unmediated -- volume  |m A14809094516 
998 f f |a DA405 .W42 v.1  |t 0  |l Remote Storage